Normal view
MARC view
- Sharma, Vishnu
Entry Personal Name
001 - CONTROL NUMBER
- control field: 38408
003 - CONTROL NUMBER IDENTIFIER
- control field: OSt
005 - DATE AND TIME OF LATEST TRANSACTION
- control field: 20150915104915.0
008 - FIXED-LENGTH DATA ELEMENTS
- fixed length control field: 150915|| aca||aabn | a|a d
040 ## - CATALOGING SOURCE
- Original cataloging agency: OSt
100 1# - HEADING--PERSONAL NAME
- Personal name: Sharma, Vishnu